【都道府県別】駅ナンバリング、駅番号の最大値駅 - Statistics

General Stats
  • This quiz has been taken 69 times
  • The average score is 21 of 41
Answer Stats
都道府県 駅名 番号 % Correct
北海道 稚内 W80
74%
神奈川県 三崎口 KK72
72%
東京都 武蔵五日市 JC86
71%
滋賀県 米原 CA83
69%
長野県 塩尻 CO61
67%
埼玉県 大宮 JK47
66%
山梨県 小淵沢 CO51
64%
岐阜県 関ケ原 CA79
64%
京都府 嵐山 HK98
64%
茨城県 取手 JL32
62%
栃木県 新藤原 TN58
62%
静岡県 新所原 CA40
62%
千葉県 松戸 KS88
60%
愛知県 木曽川 CA73
60%
三重県 賢島 M93
60%
埼玉県 越生 TJ47
59%
兵庫県 姫路 JR-A85
59%
奈良県 吉野 F57
59%
和歌山県 高野山 NK87
59%
山口県 下関 JA53
59%
大阪府 北千里 HK95
57%
沖縄県 てだこ浦西 19
55%
宮城県 富沢 N17
53%
群馬県 赤城 TI57
52%
徳島県 阿波海南 M27
52%
高知県 宿毛 TK47
48%
青森県 大鰐 KW14
47%
岡山県 新見 JR-V18
45%
福井県 三国港 E44
43%
島根県 出雲大社前 26
43%
広島県 広電宮島口 M38
43%
石川県 鶴来 I17
40%
香川県 高松 T28
40%
徳島県 大歩危 D27
40%
佐賀県 西唐津 JK21
40%
愛媛県 松山 Y55
38%
鹿児島県 川内 OR28
33%
熊本県 荒尾 JB28
28%
福岡県 田川後藤寺 HC55
22%
長崎県 石橋 51
17%
富山県 大川寺 T70
10%
No matching quizzes found
Score Distribution
Percent of People with Each Score
Percentile by Number Answered
Your Score History
You have not taken this quiz